Understanding patent law / (Record no. 104709)

MARC details
000 -LEADER
fixed length control field 00591nam a22001937a 4500
005 - DATE AND TIME OF LATEST TRANSACTION
control field 20161122170004.0
010 ## - LCCN (DPL NO)
LC control number ENG-116613
020 ## - INTERNATIONAL STANDARD BOOK NUMBER
International Standard Book Number 9789351436300
Terms of availability 245.00
035 ## - SYSTEM CONTROL NUMBER
System control number EN-100145
037 ## - SOURCE OF ACQUISITION
Source of stock number/acquisition DBAD/PUB
082 ## - DEWEY DECIMAL CLASSIFICATION NUMBER
Classification number 346.540486
100 ## - MAIN ENTRY--PERSONAL NAME
Personal name Warrier,Vishnu S.
245 ## - TITLE STATEMENT
Title Understanding patent law /
Statement of responsibility, etc by Vishnu S.Warrier
260 ## - PUBLICATION, DISTRIBUTION, ETC. (IMPRINT)
Place of publication, distribution, etc Gurgaon
Name of publisher, distributor, etc LexisNexis
Date of publication, distribution, etc 2016
270 ## - ADDRESS
Address 14th Floor, Building No.10, Tower-B, DLF Cyber City, Phase-II
City Gurgaon
Postal code 122002
300 ## - PHYSICAL DESCRIPTION
Extent x,99p.
Dimensions 21cm(pbk)
500 ## - GENERAL NOTE
General note Includes index
942 ## - ADDED ENTRY ELEMENTS (KOHA)
Source of classification or shelving scheme Dewey Decimal Classification
Item type English Books
Call number suffix WAR
Classification part 346.540486
Holdings
Withdrawn status Lost status Not for loan Collection code Home library Current library Date acquired Source of acquisition Cost, normal purchase price Full call number Barcode Copy number Cost, replacement price Koha item type
    Not For Loan Non-fiction D.B.Act.Division Bawana 22/11/2016 DBAD/PUB 245.00 346.540486 WAR EN-100145 1 245.00 English Books

© Delhi Public Library
Hit Counter
free hit counter